|
|
|
|
| LEADER |
01557nam a2200409Ia 4500 |
| 001 |
EBC3019110 |
| 003 |
MiAaPQ |
| 005 |
20200520144314.0 |
| 006 |
m o d | |
| 007 |
cr cn||||||||| |
| 008 |
090720s2010 nyua sb 001 0 eng d |
| 010 |
|
|
|z 2009029740
|
| 020 |
|
|
|z 160876320X (hardcover)
|
| 020 |
|
|
|z 9781608763207 (hardcover)
|
| 020 |
|
|
|z 9781612098784
|
| 035 |
|
|
|a (MiAaPQ)EBC3019110
|
| 035 |
|
|
|a (Au-PeEL)EBL3019110
|
| 035 |
|
|
|a (CaPaEBR)ebr10662917
|
| 035 |
|
|
|a (OCoLC)699506922
|
| 040 |
|
|
|a MiAaPQ
|c MiAaPQ
|d MiAaPQ
|
| 050 |
|
4 |
|a HD8660
|b .W48 2010
|
| 082 |
0 |
4 |
|a 331.6/2095694
|2 22
|
| 245 |
0 |
0 |
|a Who pays the price?
|h [electronic resource] :
|b foreign workers, society, crime and the law /
|c Mally Shechory, Sarah Ben-David and Dan Soen, editors.
|
| 260 |
|
|
|a New York :
|b Nova Science,
|c c2010.
|
| 300 |
|
|
|a vi, 278 p. :
|b ill.
|
| 490 |
1 |
|
|a Social issues, justice and status series
|
| 504 |
|
|
|a Includes bibliographical references and index.
|
| 533 |
|
|
|a Electronic reproduction. Ann Arbor, MI : ProQuest, 2015. Available via World Wide Web. Access may be limited to ProQuest affiliated libraries.
|
| 650 |
|
0 |
|a Foreign workers
|z Israel.
|
| 650 |
|
0 |
|a Foreign workers
|x Legal status, laws, etc.
|z Israel.
|
| 655 |
|
4 |
|a Electronic books.
|
| 700 |
1 |
|
|a Shechory, Mally.
|
| 700 |
1 |
|
|a Ben-David, Sarah.
|
| 700 |
1 |
|
|a Soen, Dan.
|
| 710 |
2 |
|
|a ProQuest (Firm)
|
| 830 |
|
0 |
|a Social issues, justice and status series.
|
| 856 |
4 |
0 |
|u https://ebookcentral.proquest.com/lib/matrademy/detail.action?docID=3019110
|z Click to View
|